Central Library OPAC University of Rajshahi

Servomechanisms / (Record no. 73341)

MARC details
000 -LEADER
fixed length control field 00670nam a2200241 a 4500
001 - CONTROL NUMBER
control field 73341
003 - CONTROL NUMBER IDENTIFIER
rucl marc code BD-RjUL
005 - DATE AND TIME OF LATEST TRANSACTION
control field 20211209082402.0
008 - FIXED-LENGTH DATA ELEMENTS--GENERAL INFORMATION
fixed length control field 170530s19621960enka 001 0 eng d
035 ## - SYSTEM CONTROL NUMBER
System control number (BD-RjUL)73559
040 ## - CATALOGING SOURCE
Original cataloging agency DLC
Transcribing agency OClU
Modifying agency Uk
-- DLC
-- BD-RjUL
Language of cataloging eng
041 ## - LANGUAGE CODE
Language code of text/sound track or separate title eng
082 00 - DEWEY DECIMAL CLASSIFICATION NUMBER
Classification number 629.8323
Author mark and year STS 1962
Edition number 23
100 1# - MAIN ENTRY--PERSONAL NAME
Personal name Stockdale, Leonard Alfred
9 (RLIN) 216933
245 ## - TITLE STATEMENT
Title Servomechanisms /
Statement of responsibility, etc. Leonard Alfred Stockdale
260 ## - PUBLICATION, DISTRIBUTION, ETC. (IMPRINT)
Place of publication, distribution, etc. London :
Name of publisher, distributor, etc. Pitman,
Date of publication, distribution, etc. c1962
300 ## - PHYSICAL DESCRIPTION
Pagination viii, 295 p. :
Illustrations ill. ;
Size 22 cm.
504 ## - BIBLIOGRAPHY, ETC. NOTE
Bibliography, etc Includes index.
650 #0 - SUBJECT ADDED ENTRY--TOPICAL TERM
Topical term or geographic name as entry element Servomechanisms
9 (RLIN) 39217
Topical term or geographic name as entry element Automation
9 (RLIN) 47029
942 ## - ADDED ENTRY ELEMENTS (KOHA)
Source of classification or shelving scheme Dewey Decimal Classification
Koha item type Books
Holdings
Lost status Source of classification or shelving scheme Damaged status Not for loan Collection code Permanent Location Current Location Shelving location Date acquired Source of acquisition Cost, normal purchase price Total Checkouts Full call number Date last seen Copy number Koha item type
  Dewey Decimal Classification   Not For Loan Non-fiction Central Library, University of Rajshahi Central Library, University of Rajshahi Reading Room 13/06/1979 Standard pub. Rajshahi 80.00   629.8323 STS 1962 30/05/2017 C-1 Books